BAsic electricity and DC circuits ; Introduction to kirchhofs law, [ CD + 28.41m video cassette] (Record no. 292748)
[ view plain ]
| 000 -LEADER | |
|---|---|
| fixed length control field | 00311 a2200109 4500 |
| 001 - CONTROL NUMBER | |
| control field | 57675 |
| 090 ## - LOCALLY ASSIGNED LC-TYPE CALL NUMBER (OCLC); LOCAL CALL NUMBER (RLIN) | |
| -- | 35356 |
| -- | 35356 |
| 245 ## - TITLE STATEMENT | |
| Title | BAsic electricity and DC circuits ; Introduction to kirchhofs law, [ CD + 28.41m video cassette] |
| 500 ## - GENERAL NOTE | |
| General note | CD/DVD video cassette |
| 505 ## - FORMATTED CONTENTS NOTE | |
| Formatted contents note | Avionics |
| 700 ## - ADDED ENTRY--PERSONAL NAME | |
| Relator code | kirchoff law |
| 942 ## - ADDED ENTRY ELEMENTS (KOHA) | |
| Institution code [OBSOLETE] | NUST-CAE |
| Call number prefix | 80294 |
| Withdrawn status | Lost status | Damaged status | Not for loan | Collection code | Permanent Location | Current Location | Date acquired | Total Checkouts | Full call number | Barcode | Date last seen | Price effective from | Koha item type |
|---|---|---|---|---|---|---|---|---|---|---|---|---|---|
| College of Aeronautical Engineering (CAE) | College of Aeronautical Engineering (CAE) | 04/03/2017 | 80294 | CAE80294 | 04/05/2017 | 04/05/2017 | Book |
